Un'estate con Montaigne

Đã lưu trong:
Chi tiết về thư mục
Định dạng: Sách
Ngôn ngữ:Tiếng Anh
Các nhãn: Thêm thẻ
Không có thẻ, Là người đầu tiên thẻ bản ghi này!

MARC

LEADER 00000nam a2200000 4500
001 CDOM0000005754
003 mi
005 20250828111218.0
008 250828b |||||||| |||| 00| 0 eng d
040 |c mi 
245 1 |a Un'estate con Montaigne  
942 |2 ddc  |c BK 
952 |0 0  |1 0  |2 ddc  |4 0  |7 0  |9 7965  |a MI  |b MI  |d 2014-09-01  |i 6632  |l 0  |p CDOM6632  |r 2025-07-13 16:28:00  |w 2025-07-13  |y BK 
999 |c 6629  |d 6629